Vyučovací hodina a její pozorování : pro posluchače 2. ročníku učitelského studia /

Hlavní autor: Bočková, Věra, 1937-
Další autoři: Podlahová, Libuše, 1943-
Jazyk: Čeština
Vydáno: Olomouc : Universita Palackého, 1989
Vydání: 1. vyd.
Edice: Učební texty vysokých škol
Témata:
Fyzický popis: 43 s.
Knihy
Uloženo v:
LEADER 01302nam a22003252a 4500
001 000046034
003 CZ BrMZK
005 20161122082125.0
007 ta
008 951201s1989 xr f cze d
015 |a cnb000052022 
040 |a BOA001  |b cze 
080 |a 371.133(075.8)  |2 MRF 
080 |a 371.321.1(075.8)  |2 MRF 
100 1 |a Bočková, Věra,  |d 1937-  |7 jo2002105457  |4 aut 
245 1 0 |a Vyučovací hodina a její pozorování :  |b pro posluchače 2. ročníku učitelského studia /  |c Věra Bočková, Libuše Podlahová 
250 |a 1. vyd. 
260 |a Olomouc :  |b Universita Palackého,  |c 1989 
300 |a 43 s. 
490 1 |a Učební texty vysokých škol 
500 |a 500 výt. 
504 |a Obsahuje bibliografii 
700 1 |a Podlahová, Libuše,  |d 1943-  |7 ola2002142310  |4 aut 
830 0 |a Učební texty vysokých škol 
910 |a BOA001  |b X-0950.783  |b PK-0111.600 
964 |a Hodiny vyučovací - pozorování - učebnice - školy vysoké 
990 |a BK 
996 6 |b 2619165607  |c X-0950.783  |l MZK  |r Sklad / do 24 hodin  |n 0  |w 000046034  |u 000030  |a 1  |e BOA001  |j MZK50  |s P 
996 7 |b 3119981427  |c PK-0111.600  |l MZK  |r Sklad / do 1 hodiny  |n 6  |w 000046034  |u 000020  |a 1  |e BOA001  |j MZK50  |s A 
996 7 |b 3119983564  |c PK-0111.600  |l MZK  |r Sklad / do 1 hodiny  |n 21  |w 000046034  |u 000010  |a 1  |e BOA001  |j MZK50  |s A